বঙ্গবন্ধু গণপরিষদ সংবিধান / (Record no. 13103)
[ view plain ]
| 000 -LEADER | |
|---|---|
| fixed length control field | 00730nam a2200241 a 4500 |
| 001 - CONTROL NUMBER | |
| JCCL Control Number | 13103 |
| 003 - CONTROL NUMBER IDENTIFIER | |
| JCCL marc code | BD-JhCC |
| 005 - DATE AND TIME OF LATEST TRANSACTION | |
| control field | 20230711081129.0 |
| 008 - FIXED-LENGTH DATA ELEMENTS--GENERAL INFORMATION | |
| fixed length control field | 230710b2020 bg |||| ||a| 001 0 ben d |
| 020 ## - INTERNATIONAL STANDARD BOOK NUMBER | |
| International Standard Book Number | 9789840760039 |
| 035 ## - SYSTEM CONTROL NUMBER | |
| system control number | (BD-JhCC)13103 |
| 040 ## - CATALOGING SOURCE | |
| Original cataloging agency | BD-JhCC |
| Modifying agency | BD-JhCC |
| 041 ## - LANGUAGE CODE | |
| Language code of Book | Bengali |
| 082 ## - DEWEY DECIMAL CLASSIFICATION NUMBER | |
| Classification number | 342.95492 |
| Author mark and Year | FIR 2020 |
| 100 ## - MAIN ENTRY--PERSONAL NAME | |
| Personal name | ফিরােজ, জালাল |
| 245 ## - TITLE STATEMENT | |
| Title | বঙ্গবন্ধু গণপরিষদ সংবিধান / |
| Statement of responsibility, etc | জালাল ফিরােজ। |
| 260 ## - PUBLICATION, DISTRIBUTION, ETC. (IMPRINT) | |
| Place of publication, distribution, etc | ঢাকা : |
| Name of publisher, distributor, etc | বাংলা একাডেমী ; |
| Date of publication, distribution, etc | 2020. |
| 300 ## - PHYSICAL DESCRIPTION | |
| Pagination | 240 p. : |
| Dimensions | 20 cm. |
| 650 ## - SUBJECT ADDED ENTRY--TOPICAL TERM | |
| Topical term or geographic name as entry element | Constitution of Bangladesh |
| 650 ## - SUBJECT ADDED ENTRY--TOPICAL TERM | |
| Topical term or geographic name as entry element | Law |
| 942 ## - ADDED ENTRY ELEMENTS (KOHA) | |
| Source of classification or shelving scheme | Dewey Decimal Classification |
| Koha item type | Books |
| Source of classification or shelving scheme | Damaged status | Not for loan | Home library | Current library | Shelving location | Date of accession | Source of acquisition | Cost, normal purchase price | Full call number | Barcode | Date last seen | Copy number | Method of acquisition | Koha item type | Currency |
|---|---|---|---|---|---|---|---|---|---|---|---|---|---|---|---|
| Dewey Decimal Classification | JCC Rouf Library | JCC Rouf Library | General Stacks | 06/14/2023 | জাতীয় গ্রন্থকেন্দ্র | 300.00 | 342.95492 FIR 2020 | 17873 | 07/10/2023 | C-1 | Purchase | Books | BDT |